المهارات الأساس بكرة القدم : كتاب منهجي لطلبة المرحلة الاولى في كليات واقسام التربية البدنية وعلوم الرياضة (Record no. 34049)
[ view plain ]
| 000 -LEADER | |
|---|---|
| fixed length control field | 01203nam a22002537a 4500 |
| 003 - CONTROL NUMBER IDENTIFIER | |
| control field | JO-AjAnu |
| 005 - DATE AND TIME OF LATEST TRANSACTION | |
| control field | 20251021140319.0 |
| 008 - FIXED-LENGTH DATA ELEMENTS--GENERAL INFORMATION | |
| fixed length control field | 251012b jo ||||| |||| 00| 0 ara d |
| 020 ## - INTERNATIONAL STANDARD BOOK NUMBER | |
| International Standard Book Number | 978-9922-730-73-8 |
| 022 ## - INTERNATIONAL STANDARD SERIAL NUMBER | |
| International Standard Serial Number | 951/2024 |
| 040 ## - CATALOGING SOURCE | |
| Original cataloging agency | ANU |
| Transcribing agency | JO-AjAnu |
| 041 ## - LANGUAGE CODE | |
| Language code of original | ARA |
| 100 ## - MAIN ENTRY--PERSONAL NAME | |
| Personal name | الجنابي، سلمان عكاب سرحان |
| Relator term | مؤلف |
| 9 (RLIN) | 66759 |
| 245 ## - TITLE STATEMENT | |
| Title | المهارات الأساس بكرة القدم : كتاب منهجي لطلبة المرحلة الاولى في كليات واقسام التربية البدنية وعلوم الرياضة |
| Statement of responsibility, etc. | / تاليف سلمان عكاب سرحان الجنابي وآخرون |
| 250 ## - EDITION STATEMENT | |
| Edition statement | الطبعة الاولى |
| 260 ## - PUBLICATION, DISTRIBUTION, ETC. | |
| Place of publication, distribution, etc. | بابل : |
| Name of publisher, distributor, etc. | مؤسسة دار الصادق الثقافية، |
| Date of publication, distribution, etc. | 2025 |
| 300 ## - PHYSICAL DESCRIPTION | |
| Extent | 383 صفحة |
| 500 ## - GENERAL NOTE | |
| General note | يحتوي هذا الكتاب على صور توضيحية |
| 650 ## - SUBJECT ADDED ENTRY--TOPICAL TERM | |
| Form subdivision | كرة القم-التعليم العالي-دراسة وتدريس |
| 700 ## - ADDED ENTRY--PERSONAL NAME | |
| Dates associated with a name | الكروشي، علاء جبارعبود |
| Relator term | م. مشارك |
| 710 ## - ADDED ENTRY--CORPORATE NAME | |
| Subordinate unit | الوزان، محسن محمد حسن |
| Relator term | م. مشارك |
| 711 ## - ADDED ENTRY--MEETING NAME | |
| Location of meeting | الذبحاوي، بشار عبود فاضل |
| Subordinate unit | م. مشارك |
| 942 ## - ADDED ENTRY ELEMENTS (KOHA) | |
| Source of classification or shelving scheme | Library of Congress Classification |
| Koha item type | Books |
| Suppress in OPAC | No |
| Withdrawn status | Lost status | Source of classification or shelving scheme | Damaged status | Not for loan | Home library | Current library | Date acquired | Total Checkouts | Full call number | Barcode | Date last seen | Price effective from | Koha item type |
|---|---|---|---|---|---|---|---|---|---|---|---|---|---|
| Library of Congress Classification | مكتبة جامعة عجلون الوطنية | مكتبة جامعة عجلون الوطنية | 12/10/2025 | GV934.9.2025 | A30441 | 12/10/2025 | 12/10/2025 | Books |